000 00474 a2200169 4500
005 20240410162523.0
008 240410b |||||||| |||| 00| 0 eng d
020 _a9788193751329
_cRs. 1895.00
040 _aMAIN
082 _a300.72
_bM931R
100 _aMurugan, Annamalai
245 _aResearch methodology: Problems and prospects
260 _bSSDN Publishers and Distributors
_c2024
_aNew Delhi
300 _ax, 269
650 _aResearch Methodology
942 _cBK
999 _c312933
_d312933